00643nam a2200169Ia 4500001001000000003000500010008004100015010001100056040000900067100003300076245015900109260003500268300001000303502008900313650002100402710005000423Para_1035CHAP220125s1995 xx 000 0 und d a199761 cCHAP aRodríguez Fonseca, Ricardo aProducción de semilla hibrida de sorgo para grano en el norte de Tamaulipas :b Memorias de esperiencia profesional /c por Ricardo Rodríguez Fonseca aChapingo, Méx. :b El autor a63 h. aTesis (Ing. Agr. Esp. en Parasitología Agrícola) -- UACh. Depto. Parasitología aSorgo x Semilla aUACh. Departamento Parasitología Agrícola